Salles de concerts parisiennes - Statistiques

Statistiques générales
  • Ce quiz a été pris 187 fois
  • Le résultat moyen est 5 sur 24
Statistiques - réponses
Nombre de places (max.) Nom de la salle % Correct
20 000 Accor Arena
94%
6 400 Le Zénith Paris
73%
1 500 Le Bataclan
53%
2 000 L'Olympia
53%
1 400 La Cigale
41%
2 000 La Salle Pleyel
20%
300 La Boule Noire
19%
2 500 La Machine du Moulin Rouge
18%
3 000 Le Grand Rex
18%
300 La Maroquinerie
16%
2 000 Élysée-Montmartre
11%
700 Trabendo
11%
400 Le Nouveau Casino
10%
450 Le Café de la Danse
4%
600 La Bellevilloise
3%
500 Le Divan du Monde
3%
350 La Scène Bastille
2%
500 Le New Morning
2%
300 FGO Barbara
1%
600 Le Gibus
1%
400 Le Réservoir
1%
300 Point Éphémère
1%
300 Batofar
0%
500 La Flèche d'Or
0%
Aucun quiz correspondant
Distribution des résultats
% des personnes avec chaque résultat
Percentile par nombre de réponses
Votre historique - résultats
Vous n’avez pas pris ce quiz